LEADER 01654oam 2200589zu 450 001 9911020232803321 005 20251116163618.0 010 $a1-4443-0537-9 010 $a1-4443-0555-7 035 $a(CKB)2500000000001658 035 $a(SSID)ssj0000354206 035 $a(PQKBManifestationID)11259035 035 $a(PQKBTitleCode)TC0000354206 035 $a(PQKBWorkID)10302277 035 $a(PQKB)10217985 035 $a(EXLCZ)992500000000001658 100 $a20160829d2004 uy 101 0 $aeng 181 $ctxt 182 $cc 183 $acr 200 10$aFluorine in organic chemistry 210 31$a[Place of publication not identified]$cBlackwell Pub$d2004 300 $aBibliographic Level Mode of Issuance: Monograph 311 08$a1-4051-0787-1 606 $aOrganofluorine compounds 606 $aFluorine Compounds 606 $aFluorine 606 $aInorganic Chemicals 606 $aHalogens 606 $aChemicals and Drugs 606 $aElements 606 $aOrganic Chemistry$2HILCC 606 $aChemistry$2HILCC 606 $aPhysical Sciences & Mathematics$2HILCC 615 0$aOrganofluorine compounds. 615 2$aFluorine Compounds. 615 2$aFluorine. 615 2$aInorganic Chemicals. 615 2$aHalogens. 615 2$aChemicals and Drugs 615 2$aElements. 615 7$aOrganic Chemistry 615 7$aChemistry 615 7$aPhysical Sciences & Mathematics 676 $a547.02 700 $aChambers$b R. D$0921193 801 0$bPQKB 906 $aBOOK 912 $a9911020232803321 996 $aFluorine in organic chemistry$92066232 997 $aUNINA LEADER 01170nam2 22002771i 450 001 UON00148563 005 20231205102911.968 010 $a90-04-06139-8 100 $a20020107d1980 |0itac50 ba 101 $aeng 102 $aNL 105 $a|||| ||||| 200 1 $aIntroductory survey 210 $a1980 215 $axxxvii, 74 p., 28 p. di tav 461 1$1001UON00148562$12001 $aEgyptian-type documents from the mediterranean littoral of the iberian peninsula before the roman conquest$fJosep Padro i Parcerisa$1210 $aLeiden$cBrill$d1980-1985$1215 $a3 v.$d25 cm$v1 606 $aSpagna $xReperti egittizzanti$xRepertori$3UONC031992$2FI 620 $aNL$dLeiden$3UONL003056 700 1$aPADRO I PARCERISA$bJosep$3UONV046540$0183466 712 $aBrill$3UONV245886$4650 801 $aIT$bSOL$c20260220$gRICA 899 $aSIBA - SISTEMA BIBLIOTECARIO DI ATENEO E ARCHIVIO STORICO$2UONSI 912 $aUON00148563 950 $aSIBA - SISTEMA BIBLIOTECARIO DI ATENEO E ARCHIVIO STORICO$dSI VII 025/065,1 $eSI AA 11685 5 025/065,1 996 $aIntroductory survey$91206565 997 $aUNIOR